000 00528nam a22001817a 4500
999 _c526707
_d526707
003 NUST
020 _qPBK
038 _aFaiza
082 _a891.421
_bSAD
100 _aSaddiqui, Arsh
_917702
245 _aKali rat dy Ghungaru /
_cArsh Saddiqui
260 _aMultan :
_bTaqveen Publications,
_c1991.
300 _a80 p. ;
880 _6100-01\r
_aعرش صدیقی
880 _6245-02\r
_aکالی رات دے گھنگرو /
880 _6260-03\r
_aملتان :
_bتکوین پبلیکیشنز,
_c۱۹۹۱.
942 _2ddc
_cBK